Logo BPK

Biblioteka

Politechniki Koszalińskiej

Elektrochemie / (Rekord nr 11705)

Szczegóły MARC
000 -ETYKIETA REKORDU
podpole kontrolne o stałej długości 00396nam a2200169 i 4500
001 - NUMER KONTROLNY REKORDU
pole kontrolne bg
040 ## - ŹRÓDŁO KATALOGOWANIA
Instytucja, która utworzyła rekord BPK
041 ## - KOD JĘZYKA
Kod języka tekstu pol
080 ## - UNIWERSALNA KLASYFIKACJA DZIESIĘTNA - UKD
UKD 541.13
008 - POLE O STAŁEJ DŁUGOŚCI - DANE KONTROLNE
podpole kontrolne o stałej długości s pl f |000 0 pol
100 1# - NAZWA OSOBOWA
Nazwa osobowa DVORAK, Jiri
245 #0 - TYTUŁ/ODPOWIEDZIALNOŚĆ
Tytuł Elektrochemie /
Pozostałe elementy strefy tytułu i oznaczenia odpowiedzialności J. Dvorak, J. Koryta, V. Bohackova.
260 ## - STREFA ADRESU WYDAWNICZEGO
Miejsce wydania Praga,
Data publikacji, dystrybucji/powstania dokumentu 1966.
700 1# - HASŁO DODATKOWE - NAZWA OSOBOWA
Nazwa osobowa KORYTA, Jiri
700 1# - HASŁO DODATKOWE - NAZWA OSOBOWA
Nazwa osobowa BOHACKOVA, Vlasta
856 ## - LOKALIZACJA I DOSTĘP DO ELEKTRONICZNYCH DOKUMENTÓW ZDALNYCH
Link (URL) http://koha.tu.koszalin.pl/cgi-bin/koha/opac-detail.pl?biblionumber=11705
Tekst linku Katalog online BPK
942 ## - DODATKOWE ELEMENTY (KOHA)
Typ dokumentu Książka
Egzemplarze
Wycofany Status egzemplarza Uszkodzony Dostępność Lokalizacja stała Lokalizacja bieżąca Miejsce przechowywania Sygnatura Kod kreskowy Typ dokumentu
      Dostępny Biblioteka Politechniki Koszalińskiej Biblioteka Politechniki Koszalińskiej Wypożyczalnia BG 5365 02191300 Książka
© 2023 Biblioteka Politechniki Koszalińskiej :: KOHA